| 000 -LEADER |
| fixed length control field |
01405cam a2200385Ma 4500 |
| 001 - CONTROL NUMBER |
| control field |
820106991 |
| 003 - CONTROL NUMBER IDENTIFIER |
| control field |
OCoLC |
| 005 - DATE AND TIME OF LATEST TRANSACTION |
| control field |
20241114192123.0 |
| 008 - FIXED-LENGTH DATA ELEMENTS--GENERAL INFORMATION |
| fixed length control field |
121120s2013 nyu 001 0 eng d |
| 015 ## - NATIONAL BIBLIOGRAPHY NUMBER |
| National bibliography number |
GBB2B9151 |
| Source |
bnb |
| 016 7# - NATIONAL BIBLIOGRAPHIC AGENCY CONTROL NUMBER |
| Record control number |
016218708 |
| Source |
Uk |
| 020 ## - INTERNATIONAL STANDARD BOOK NUMBER |
| International Standard Book Number |
9780071590754 (pbk.) |
| 035 ## - SYSTEM CONTROL NUMBER |
| System control number |
(OCoLC)820106991 |
| Canceled/invalid control number |
(OCoLC)806017859 |
| 040 ## - CATALOGING SOURCE |
| Original cataloging agency |
UKMGB |
| Language of cataloging |
eng |
| Transcribing agency |
UKMGB |
| Modifying agency |
OCLCO |
| -- |
BTCTA |
| -- |
BDX |
| -- |
YDXCP |
| 049 ## - LOCAL HOLDINGS (OCLC) |
| Holding library |
YYEA |
| -- |
VZYM |
| 080 ## - UNIVERSAL DECIMAL CLASSIFICATION NUMBER |
| Universal Decimal Classification number |
617.3 |
| Item number |
C-95 |
| 096 ## - LOCALLY ASSIGNED NLM-TYPE CALL NUMBER (OCLC) |
| Classification number |
WE 168 C9762 2014 |
| 245 00 - TITLE STATEMENT |
| Title |
Current diagnosis & treatment: orthopedics |
| Statement of responsibility, etc. |
edited by Harry B. Skinner. |
| 250 ## - EDITION STATEMENT |
| Edition statement |
5th ed. |
| 260 ## - PUBLICATION, DISTRIBUTION, ETC. |
| Place of publication, distribution, etc. |
New York : |
| Name of publisher, distributor, etc. |
McGraw-Hill Medical ; |
| Place of publication, distribution, etc. |
London : |
| Name of publisher, distributor, etc. |
McGraw-Hill [distributor], |
| Date of publication, distribution, etc. |
2014. |
| 300 ## - PHYSICAL DESCRIPTION |
| Extent |
viii, 663 p. : |
| Other physical details |
ill. ; |
| Dimensions |
23 cm. |
| 365 ## - TRADE PRICE |
| Price amount |
26.78 usd |
| 500 ## - GENERAL NOTE |
| General note |
Previous ed.: New York; London: Lange Medical/McGraw-Hill, 2006. |
| 500 ## - GENERAL NOTE |
| General note |
EINSTEIN & MMC: available online via AccessMedicine. See Reference staff for assistance. |
| 500 ## - GENERAL NOTE |
| General note |
MMC: available online via AccessSurgery. See staff for assistance. |
| 504 ## - BIBLIOGRAPHY, ETC. NOTE |
| Bibliography, etc. note |
Includes bibliographical references and index. |
| 590 ## - LOCAL NOTE (RLIN) |
| Local note |
c.1 10066767 Ritt 9/11/13 $85.00. |
| 650 #2 - SUBJECT ADDED ENTRY--TOPICAL TERM |
| Topical term or geographic name entry element |
Orthopedics. |
| 650 #2 - SUBJECT ADDED ENTRY--TOPICAL TERM |
| Topical term or geographic name entry element |
Orthopedic Procedures. |
| 653 ## - INDEX TERM--UNCONTROLLED |
| Uncontrolled term |
ორთოპედია |
| 700 1# - ADDED ENTRY--PERSONAL NAME |
| Personal name |
Skinner, Harry B. |
| 710 2# - ADDED ENTRY--CORPORATE NAME |
| Corporate name or jurisdiction name as entry element |
AccessMedicine (Online Service) |
| 710 2# - ADDED ENTRY--CORPORATE NAME |
| Corporate name or jurisdiction name as entry element |
AccessSurgery (Online Service) |
| 942 ## - ADDED ENTRY ELEMENTS (KOHA) |
| Source of classification or shelving scheme |
|
| Koha item type |
Books |
| Edition |
5 |